000 00584nam a2200193Ia 4500
003 IN-BaIIA
008 211028s9999 xx 000 0 eng d
040 _cIIA Library
080 _a083.7:696.11
_bISI
110 _aIndian Standards Institution
245 0 _aIndian standard code of practice for water supply in buildings
_cIndian Standards Institution
260 _aNew Delhi
_bIndian Standards Institution
_c1972
300 _a47p.
500 _aIS 2065 : 1972
650 _aNASA Thesaurus
650 _aStandards
_98876
650 _aWater Supply-Standards
_98926
942 _cBK
999 _c5016
_d5016